| 000 | 00440nam a22001697a 4500 | ||
|---|---|---|---|
| 003 | NUST - PNEC | ||
| 005 | 20170116180933.0 | ||
| 008 | 150906b xxu||||| |||| 00| 0 eng d | ||
| 020 | _a- | ||
| 040 | _cLIBRARY | ||
| 082 | _a621.319 COT | ||
| 100 |
_98366 _aCotton, H. |
||
| 245 |
_aThe transmission and contribution of electrical energy _cH. Cotton |
||
| 260 | _cc.1958 | ||
| 650 |
_98367 _bElectrical Engineering _xEE |
||
| 942 |
_2ddc _cBK |
||
| 999 |
_c65962 _d65962 |
||